000 00461nam a2200181Ia 4500
001 3784
005 20260306145709.0
008 260306t2004||||xx |||||||||||||| ||spa||
041 _aESP
082 _a303.4
_bP18
100 _aPajuelo, Ramón
_eAUT
245 0 _aGlobalización y diversidad cultural:
_buna mirada desde América Latina
260 _c2004
300 _a464 páginas :
_c20 cm.
650 _aGEN
654 _aCHU
942 _cLIB
_dJUS
_fJUS
_2ddc
_n
999 _c3784
_d3784